02035nam a2200469 i 450000100060000000300080000600500170001400600190003100700150005000800410006502000270010603500230013303500240015603500250018003500220020504000310022705000290025808000110028708200160029810000370031424502540035126400490060530000510065433600310070533700330073633800430076950201280081250400290094058801250096959001590109465000260125365000230127965000190130265000210132165000190134265500270136170000430138870000360143179700190146785600620148699900170154823592FlNmELB20241216214111.0m o d | cr cnu||||||||160104s2015 cu a ob 000 0 spa d a9789591628282 (e book) a(MiAaPQ)EBC4183730 a(Au-PeEL)EBL4183730 a(CaPaEBR)ebr11126020 a(OCoLC)1105904719 aFINmELBbspaerdacFINmELB 4aGV1015.5.C63bP3481 2015 a796.320 a796.3252231 aPaz Ávila, Joel Ernesto de la.13aLa preparación del entrenador deportivo para la realización del diagnóstico sociopsicológico de los voleibolistas escolares /cautor: Joel Ernesto de la Paz Avila ; tutores: Dra. C. Zaida González Fernández, Dr. C. Idalberto Ramos Ramos. 1aLa Habana :bEditorial Universitaria,c2015. a1 recurso en línea (229 páginas) :btablas atextobtxt2rdacontent/spa acomputadorabc2rdamedia/spa arecurso en líneabcr2rdacarrier/spa aTesisbDoctor en Ciencias PedagógicascUniversidad de Ciencias Pedagógicas "Capitán Silverio Blanco Núñez"d2014. aContiene bibliografía. aDescripción basada en recurso en línea; Título de la página del título en PDF (e-libro, visto Januar 4, 2015). aRecurso electronico. Santa Fe, Arg. : e-libro, 2016. Disponible via World Wide Web. El acceso puede ser limitado para las bibliotecas afiliadas a e-libro. 0aVolleyballxCoaching. 0aPsychodiagnostics. 0aSchool sports. 4aDeporte escolar. 4aEntrenamiento. 4aLibros electrónicos.1 aGonzález Fernández, Zaida,etutor.1 aRamos Ramos, Idalberto,etutor.2 ae-libro, Corp.40uhttps://elibro.net/ereader/politecnicointernacional/90761 c23592d23592